| 000 | 00574pam a2200181 a 4500 | ||
|---|---|---|---|
| 020 | _a0935702725 (cloth : acidfree paper) : | ||
| 020 | _a0935702733 (paper : acidfree paper) : | ||
| 040 | _cDLC | ||
| 082 | 0 | 0 | _a574 UNI 1994 A025 Or. |
| 100 | 1 | _aLippard, Stephen J. | |
| 245 | 1 | 0 | _aPrinciples of bioinorganic chemistry / |
| 246 | 3 | 0 | _aBioinorganic chemistry |
| 260 |
_aMill Valley, Calif. : _bUniversity Science Books, _cc1994. |
||
| 300 |
_axvii, 411 p. : _bill. (some col.) ; _c26 cm. |
||
| 650 | 0 | _aBioinorganic chemistry. | |
| 700 | 1 | _aBerg, Jeremy M. | |
| 942 | _cEK | ||
| 999 |
_c13564 _d13564 |
||